<?xml version="1.0" encoding="UTF-8"?>
<record
    xmlns:xsi="http://www.w3.org/2001/XMLSchema-instance"
    xsi:schemaLocation="http://www.loc.gov/MARC21/slim http://www.loc.gov/standards/marcxml/schema/MARC21slim.xsd"
    xmlns="http://www.loc.gov/MARC21/slim">

  <leader>01067nam a22001577a 4500</leader>
  <controlfield tag="008">190802b        xxu||||| |||| 00| 0 eng d</controlfield>
  <datafield tag="020" ind1=" " ind2=" ">
    <subfield code="a">9781119046912</subfield>
  </datafield>
  <datafield tag="050" ind1=" " ind2=" ">
    <subfield code="a">WS310.D57</subfield>
  </datafield>
  <datafield tag="245" ind1=" " ind2=" ">
    <subfield code="a">Diseases of the liver and biliary system in children. /</subfield>
    <subfield code="c">edited by Deirdre A. Kelly.</subfield>
  </datafield>
  <datafield tag="250" ind1=" " ind2=" ">
    <subfield code="a">4th. edition</subfield>
  </datafield>
  <datafield tag="260" ind1=" " ind2=" ">
    <subfield code="a">New York:</subfield>
    <subfield code="b">Wiley Blackwell,</subfield>
    <subfield code="c">2017.</subfield>
  </datafield>
  <datafield tag="300" ind1=" " ind2=" ">
    <subfield code="a">xii, 636 p.:</subfield>
    <subfield code="b">ill;</subfield>
    <subfield code="c">28cm.</subfield>
  </datafield>
  <datafield tag="500" ind1=" " ind2=" ">
    <subfield code="a">Includes Index.</subfield>
  </datafield>
  <datafield tag="505" ind1=" " ind2=" ">
    <subfield code="a">Contents: Section 1:Understanding the liver --Section 2: Investigating the liver -- Section 3: Supporting the child and family -- Section 4: Liver disease in pregnancy --Section 5: Liver disease in infancy -- Section 6: Liver disease in older children -- Section 7: Acute liver disease -- Section 8:Metabolic liver disease -- Section 9: Management of chronic liver disease -- Section 10: The liver and other organs -- Section 11: Surgical disorders of the liver and bile ducts -- Section 12: Transplantation -- Section 13: Liver disease around the world --Section 14: Pediatric liver disease in adult life.  </subfield>
  </datafield>
  <datafield tag="942" ind1=" " ind2=" ">
    <subfield code="2">lcc</subfield>
    <subfield code="c">BK</subfield>
  </datafield>
  <datafield tag="999" ind1=" " ind2=" ">
    <subfield code="c">6852</subfield>
    <subfield code="d">14352</subfield>
  </datafield>
  <datafield tag="952" ind1=" " ind2=" ">
    <subfield code="0">0</subfield>
    <subfield code="1">0</subfield>
    <subfield code="2">lcc</subfield>
    <subfield code="4">0</subfield>
    <subfield code="7">0</subfield>
    <subfield code="a">WIUC-1</subfield>
    <subfield code="b">WIUC-1</subfield>
    <subfield code="c">NURS L.</subfield>
    <subfield code="d">2019-08-02</subfield>
    <subfield code="l">0</subfield>
    <subfield code="o">WS310.D57</subfield>
    <subfield code="p">NURS/626/288/19</subfield>
    <subfield code="r">2019-08-02 00:00:00</subfield>
    <subfield code="t">1</subfield>
    <subfield code="w">2019-08-02</subfield>
    <subfield code="y">BK</subfield>
  </datafield>
</record>
